Complete physics for Cambridge IGCSE (Record no. 116677)
[ view plain ]
| 000 -LEADER | |
|---|---|
| fixed length control field | 00961nam a2200229Ia 4500 |
| 003 - CONTROL NUMBER IDENTIFIER | |
| control field | PILC |
| 005 - DATE AND TIME OF LATEST TRANSACTION | |
| control field | 20150722103553.0 |
| 008 - FIXED-LENGTH DATA ELEMENTS--GENERAL INFORMATION | |
| fixed length control field | 140512s9999 xx 000 0 und d |
| 020 ## - INTERNATIONAL STANDARD BOOK NUMBER | |
| International Standard Book Number | 9780199138777 |
| 050 ## - LIBRARY OF CONGRESS CALL NUMBER | |
| Classification number | QC 21 |
| Item number | .P828 2010 |
| 100 ## - MAIN ENTRY--PERSONAL NAME | |
| Personal name | Pople, Stephen |
| 245 ## - TITLE STATEMENT | |
| Title | Complete physics for Cambridge IGCSE |
| Statement of responsibility, etc | Stephen Pople |
| 250 ## - EDITION STATEMENT | |
| Edition statement | 2nd ed. |
| 260 ## - PUBLICATION, DISTRIBUTION, ETC. (IMPRINT) | |
| Place of publication, distribution, etc | New York : |
| Name of publisher, distributor, etc | Oxford University Press, |
| Date of publication, distribution, etc | c2010. |
| 300 ## - PHYSICAL DESCRIPTION | |
| Extent | 336 p. : |
| Other physical details | col. Ill. ; |
| Dimensions | 28 cm. |
| 500 ## - GENERAL NOTE | |
| General note | Includes Reference, Answers, and Index |
| 520 ## - SUMMARY, ETC. | |
| Summary, etc | This second edition provides full coverage of the most recent Cambridge IGCSE syllabus in a highly illustrative and accessible way. It also comes with a free CD, including additional exam style questions, interactive exercises and revision tips. Fully endorsed by Cambridge International Examinations. |
| 650 ## - SUBJECT ADDED ENTRY--TOPICAL TERM | |
| Topical term or geographic name as entry element | Physics |
| General subdivision | Examinations |
| 650 ## - SUBJECT ADDED ENTRY--TOPICAL TERM | |
| Topical term or geographic name as entry element | Physics |
| General subdivision | Examinations -- Study guide |
| 942 ## - ADDED ENTRY ELEMENTS (KOHA) | |
| Koha item type | Books |
| Source of classification or shelving scheme | Library of Congress Classification |
| Withdrawn status | Lost status | Damaged status | Home library | Current library | Shelving location | Date acquired | Total Checkouts | Total Renewals | Full call number | Barcode | Date last seen | Date checked out | Price effective from | Koha item type | Source of classification or shelving scheme | Source of acquisition | Public note | Sub Shelving location |
|---|---|---|---|---|---|---|---|---|---|---|---|---|---|---|---|---|---|---|
| Luxembourg Library | Luxembourg Library | Teachers Reference Section | 05/13/2014 | 3 | 6 | QC 21 .P828 2010 | 19731 | 03/30/2016 | 12/10/2015 | 05/13/2014 | Books | |||||||
| Luxembourg Library | Luxembourg Library | Teachers Reference Section | 06/18/2015 | 2 | 2 | QC 21 .P828 2010 | 20043 | 01/27/2017 | 01/16/2017 | 06/18/2015 | Books | Library of Congress Classification | Library Fund | Be Amazing. Be Southville! | ||||
| Luxembourg Library | Luxembourg Library | Teachers Reference Section | 07/11/2016 | QC 21 .P828 2010 | 20243 | 06/21/2019 | 07/11/2016 | Books | Library of Congress Classification | Library Fund | ||||||||
| Luxembourg Library | Luxembourg Library | Teachers Reference Section | 07/11/2016 | 2 | 1 | QC 21 .P828 2010 | 20242 | 06/19/2024 | 03/15/2024 | 07/11/2016 | Books | Library of Congress Classification | Library Fund |